Cenová volatilita primárnych komodít so zameraním na ceny ropy a zemný plyn a jej vplyv na ekonomiky producentských krajín habilitačná prednáška
Salvato in:
| Autore principale: | |
|---|---|
| Ente Autore: | |
| Altri autori: | , , |
| Natura: | Libro |
| Lingua: | slovacco |
| Pubblicazione: |
Bratislava
2011
|
| Serie: | Habilitačné a inauguračné prednášky
|
| Soggetti: | |
| Tags: |
Nessun Tag, puoi essere il primo ad aggiungerne!!
|
MARC
| LEADER | 00000nam$a2200000$$$4500 | ||
|---|---|---|---|
| 001 | 0126956 | ||
| 005 | 20240530073654.0 | ||
| 020 | |a 978-80-225-3161-0 | ||
| 041 | 0 | |a slo | |
| 044 | |a SK | ||
| 245 | 1 | 0 | |a Cenová volatilita primárnych komodít so zameraním na ceny ropy a zemný plyn a jej vplyv na ekonomiky producentských krajín |b habilitačná prednáška |c Saleh Mothana Obadi |
| 264 | 1 | |a Bratislava |c 2011 | |
| 300 | |a 72 s. | ||
| 490 | 1 | |a Habilitačné a inauguračné prednášky | |
| 830 | 0 | |a Habilitačné a inauguračné prednášky | |
| 500 | |a Habilitačná prednáška je vydaná ako vedecká monografia | ||
| 610 | 2 | 0 | |a ceny |
| 610 | 2 | 0 | |a ropa |
| 610 | 2 | 0 | |a plyn zemný |
| 610 | 2 | 0 | |a vývoj cenový |
| 100 | 1 | |a Obadi, Saleh Mothana | |
| 700 | 1 | |a Lipková, Ľudmila | |
| 700 | 1 | |a Klas, Anton | |
| 700 | 1 | |a Outrata, Richard | |
| 710 | 2 | |a Ekonomická univerzita v Bratislave. Obchodná fakulta | |